Discurso leído / (Record no. 46566)

MARC details
000 -LEADER
campo de control de longitud fija 00787nam a2200193 i 4500
001 - NÚMERO DE CONTROL
campo de control 46566
003 - IDENTIFICADOR DE NÚMERO DE CONTROL
campo de control ES-MaACL
005 - FECHA Y HORA DE LA ÚLTIMA TRANSACCIÓN
campo de control 20230906161416.0
007 - CAMPO FIJO DE DESCRIPCIÓN FÍSICA--INFORMACIÓN GENERAL
campo de control de longitud fija t|
008 - DATOS DE LONGITUD FIJA--INFORMACIÓN GENERAL
campo de control de longitud fija 030410s1883 sp ||||1| spa d
100 1# - ENTRADA PRINCIPAL--NOMBRE DE PERSONA
Nombre de persona Baráibar y Zumárraga, Federico.
9 (RLIN) 25291
245 10 - MENCIÓN DEL TÍTULO
Título Discurso leído /
Mención de responsabilidad, etc. por Federico Baráibar y Zumárraga el día 9 de noviembre de 1882 en el Ateneo Científico... de Vitoria con motivo de la apertura de sus cátedras.
260 ## - PUBLICACIÓN, DISTRIBUCIÓN, ETC.
Lugar de publicación, distribución, etc. Vitoria :
Nombre del editor, distribuidor, etc. [s.n.],
Fecha de publicación, distribución, etc. 1883 (
Fabricante Tip. de la Viuda e Hijos de Iturbe)
300 ## - DESCRIPCIÓN FÍSICA
Extensión 37 p., [1] h. pleg. de map. ;
Dimensiones 28 cm.
500 ## - NOTA GENERAL
Nota general Tema del discurso: Una hoja de la historia oscura de Álava durante el Imperio romano.
710 2# - ENTRADA AGREGADA--NOMBRE DE ENTIDAD CORPORATIVA
Nombre de entidad corporativa o nombre de jurisdicción como elemento de entrada Ateneo de Vitoria.
9 (RLIN) 1848
852 ## - LOCALIZACIÓN
Ubicación ES-MaACL
Número de control de estantería T-393-F-2
852 ## - LOCALIZACIÓN
Ubicación ES-MaACL
Número de control de estantería T-353-F-7
Holdings
Estatus retirado Estado de pérdida Estado de daño No para préstamo Colección Biblioteca de origen Biblioteca actual Ubicación en estantería Fecha de adquisición Fuente de adquisición Total de préstamos Signatura topográfica completa Código de barras Visto por última vez Precio de reemplazo Tipo de ítem Koha
        Colección de folletos Biblioteca del Ateneo de Madrid Biblioteca del Ateneo de Madrid Depósito folletos 17/01/2008     T-353-F-7 1048973 23/02/2023 23/02/2023 Folleto
        Colección de folletos Biblioteca del Ateneo de Madrid Biblioteca del Ateneo de Madrid Depósito folletos 17/01/2008     T-393-F-2 1048972 23/02/2023 23/02/2023 Folleto